ImagoVerne výstava študentských prác

Podrobná bibliografia
Hlavný autor: Ondrušeková, Anna (Autor)
Médium: Článok
Jazyk:slovenčina
PhysicalDescription:Fotogr.
Predmet:

MARC

LEADER 00000nab a2200000 ar4500
001 vtls009082440
003 SK-MaSNL
005 20260303231100.0
008 070724|2007 xo er|p|||||||000 b|slo
015 |a SNBRA2007/05 
038 |a PPPK 
040 |a PPPKCL  |b slo  |c PPPKCL  |e AACR2 
041 0 |a slo 
044 |a xo  |c SK 
080 |a 373/378:7  |x (437.6)  |2 1997 
080 |a 82-311-9  |x (44)  |2 1997 
080 |a 061.4  |2 1997 
100 1 |a Ondrušeková, Anna  |4 aut  |9 13952 
245 1 0 |a ImagoVerne  |b výstava študentských prác  |c Anna Ondrušeková 
300 |b Fotogr. 
600 1 7 |a Verne, Jules,  |d 1828-1905  |2 pppkcl  |9 221838 
650 0 7 |a umelecké školy  |2 snkbucl  |9 29319 
650 0 7 |a výstavníctvo  |2 SNKPH  |9 31153 
650 0 7 |a umelecká tvorba  |2 SNKPH  |9 2852 
650 0 7 |a vedecko-fantastická literatúra  |2 SNKPH  |9 31823 
650 0 7 |a výtvarná tvorba  |2 SNK  |9 961890 
650 0 7 |a umelecké námety  |2 SNKPH  |9 2885 
651 7 |a Poprad (Slovensko)  |2 snkbucl  |9 20155 
773 0 |t Hry s umením 2005. Hommage á Jules Verne  |d Poprad : Tatranská galéria, 2005  |g S. 38-50 
852 |a PPPK  |b KIS3GCP 
999 |c 2265097  |d 2267027